| 000 | 00936cam a2200277 a 4500 | ||
|---|---|---|---|
| 003 | CO-ViMGA | ||
| 005 | 20230915233131.0 | ||
| 008 | 030728s2001 ck ao r 000 f spa d | ||
| 020 | _a9588160103 | ||
| 040 |
_aCO-ViMGA _bspa _cCO-ViMGA |
||
| 043 | _ack | ||
| 090 | _aC REYC1 | ||
| 100 | 1 | 0 |
_aReyes Posada, Mauricio _d1947- _920051 |
| 245 | 1 | 0 |
_aCasimiro mire Casimiro y otros cuentos _cMauricio Reyes Posada |
| 250 | _a1a. edicin̤ | ||
| 260 |
_aBogot _bVillegas Editores _c2001 |
||
| 300 |
_a267 pg̀inas _bilustraciones ; fotos a blanco y negro _c21 cm. |
||
| 490 | _aVillegas. Cuento | ||
| 500 | _aDonacin̤ Villegas Editores | ||
| 500 | _aIncluye datos biogrf̀icos del autor | ||
| 650 | 1 | 4 |
_2LEMB _aCuentos colombianos _ySiglo XX _93638 |
| 650 | 1 | 4 |
_2LEMB _aHumor en la literatura _98076 |
| 650 | 1 | 4 |
_2LEMB _aImaginacin̤ en la literatura _9505 |
| 650 | 1 | 4 |
_2LEMB _aLiteratura colombiana _ySiglo XX _92515 |
| 942 |
_2ddc _cBK |
||
| 999 |
_c35499 _d35499 |
||